<?xml version="1.0" encoding="UTF-8"?>
<record
    xmlns:xsi="http://www.w3.org/2001/XMLSchema-instance"
    xsi:schemaLocation="http://www.loc.gov/MARC21/slim http://www.loc.gov/standards/marcxml/schema/MARC21slim.xsd"
    xmlns="http://www.loc.gov/MARC21/slim">

  <leader>02018cam a22002537a 4500</leader>
  <datafield tag="020" ind1=" " ind2=" ">
    <subfield code="a">9789251059074 (pbk.)</subfield>
  </datafield>
  <datafield tag="020" ind1=" " ind2=" ">
    <subfield code="a">9251059071 (pbk.)</subfield>
  </datafield>
  <datafield tag="040" ind1=" " ind2=" ">
    <subfield code="c">NLGGC</subfield>
  </datafield>
  <datafield tag="082" ind1="0" ind2="0">
    <subfield code="a">333 IRR 2007 C136 Or.</subfield>
  </datafield>
  <datafield tag="100" ind1="1" ind2=" ">
    <subfield code="a">Garces-Restrepo, Carlos.</subfield>
  </datafield>
  <datafield tag="245" ind1="1" ind2="0">
    <subfield code="a">Irrigation management transfer :</subfield>
    <subfield code="b">worldwide efforts and results /</subfield>
  </datafield>
  <datafield tag="260" ind1=" " ind2=" ">
    <subfield code="a">Rome :</subfield>
    <subfield code="b">Food and Agriculture Organization of the United Nations,</subfield>
    <subfield code="c">2007.</subfield>
  </datafield>
  <datafield tag="300" ind1=" " ind2=" ">
    <subfield code="a">xi, 62 p. :</subfield>
    <subfield code="b">ill. (some col.), 1 col. map ;</subfield>
    <subfield code="c">30 cm. +</subfield>
    <subfield code="e">1 CD-ROM (4 3/4 in.)</subfield>
  </datafield>
  <datafield tag="490" ind1="1" ind2=" ">
    <subfield code="a">FAO water reports,</subfield>
  </datafield>
  <datafield tag="500" ind1=" " ind2=" ">
    <subfield code="a">"TC/M/A1520E/1/12.07/1600"--P. [4] of cover.</subfield>
  </datafield>
  <datafield tag="520" ind1=" " ind2=" ">
    <subfield code="a">The present water report is the final product emanating from efforts by FAO, IWMI and others to document and understand the implications of the irrigation sector embarking on a wide reform process. It is intended to be a knowledge synthesis document that captures the global experiences emerging from a wide-reaching process targeting the reform of the irrigation sector. This study indicates that irrigation management transfer (IMT) is an approach for irrigation sector reform with the potential to improve the sustainability of irrigation systems.The process requires inter alia strong political commitment, negotiations among stakeholders, and long-term capacity development. Irrigation management transfer should not be seen as a process that has a clear "beginning" and "end". While the former can be more easily identified, the latter is much more difficult to determine. In fact, IMT can be the initial stage of an evolving long reform process. The accompanying CD-ROM contains IMT country profiles and case studies, an international IMT e-mail conference, a bibliography and links.--Publisher's description.</subfield>
  </datafield>
  <datafield tag="650" ind1=" " ind2="0">
    <subfield code="a">Irrigation</subfield>
  </datafield>
  <datafield tag="650" ind1=" " ind2="0">
    <subfield code="a">Technology transfer.</subfield>
  </datafield>
  <datafield tag="700" ind1="1" ind2=" ">
    <subfield code="a">Vermillion, Douglas L.</subfield>
  </datafield>
  <datafield tag="700" ind1="1" ind2=" ">
    <subfield code="a">Munoz, Giovanni.</subfield>
  </datafield>
  <datafield tag="710" ind1="2" ind2=" ">
    <subfield code="a">Food and Agriculture Organization of the United Nations.</subfield>
  </datafield>
  <datafield tag="856" ind1="1" ind2="1">
    <subfield code="u">ftp://ftp.fao.org/docrep/fao/010/a1520e/a1520e00.pdf</subfield>
  </datafield>
  <datafield tag="942" ind1=" " ind2=" ">
    <subfield code="c">AEDBB</subfield>
  </datafield>
  <datafield tag="999" ind1=" " ind2=" ">
    <subfield code="c">21092</subfield>
    <subfield code="d">21092</subfield>
  </datafield>
  <datafield tag="952" ind1=" " ind2=" ">
    <subfield code="0">0</subfield>
    <subfield code="1">0</subfield>
    <subfield code="4">0</subfield>
    <subfield code="6">333_000000000000000_IRR_2007_C136_OR</subfield>
    <subfield code="7">0</subfield>
    <subfield code="9">92864</subfield>
    <subfield code="a">LBC</subfield>
    <subfield code="b">LBC</subfield>
    <subfield code="c">C136</subfield>
    <subfield code="d">2023-02-07</subfield>
    <subfield code="o">333 IRR 2007 C136 Or.</subfield>
    <subfield code="p">a071006</subfield>
    <subfield code="r">2023-02-07</subfield>
    <subfield code="w">2023-02-07</subfield>
    <subfield code="y">AEDBB</subfield>
  </datafield>
  <datafield tag="952" ind1=" " ind2=" ">
    <subfield code="0">0</subfield>
    <subfield code="1">0</subfield>
    <subfield code="4">0</subfield>
    <subfield code="6">333_000000000000000_IRR_2007_C136_OR</subfield>
    <subfield code="7">0</subfield>
    <subfield code="9">92865</subfield>
    <subfield code="a">LBC</subfield>
    <subfield code="b">LBC</subfield>
    <subfield code="c">C136</subfield>
    <subfield code="d">2023-02-07</subfield>
    <subfield code="o">333 IRR 2007 C136 Or.</subfield>
    <subfield code="p">a071014</subfield>
    <subfield code="r">2023-02-07</subfield>
    <subfield code="y">AEDBB</subfield>
  </datafield>
  <datafield tag="952" ind1=" " ind2=" ">
    <subfield code="0">0</subfield>
    <subfield code="1">0</subfield>
    <subfield code="4">0</subfield>
    <subfield code="6">333_000000000000000_IRR_2007_C136_OR</subfield>
    <subfield code="7">0</subfield>
    <subfield code="9">92866</subfield>
    <subfield code="a">LBC</subfield>
    <subfield code="b">LBC</subfield>
    <subfield code="c">C136</subfield>
    <subfield code="d">2023-02-07</subfield>
    <subfield code="o">333 IRR 2007 C136 Or.</subfield>
    <subfield code="p">a071026</subfield>
    <subfield code="r">2023-02-07</subfield>
    <subfield code="y">AEDBB</subfield>
  </datafield>
  <datafield tag="952" ind1=" " ind2=" ">
    <subfield code="0">0</subfield>
    <subfield code="1">0</subfield>
    <subfield code="4">0</subfield>
    <subfield code="6">333_000000000000000_IRR_2007_C136_OR</subfield>
    <subfield code="7">0</subfield>
    <subfield code="9">92867</subfield>
    <subfield code="a">LBC</subfield>
    <subfield code="b">LBC</subfield>
    <subfield code="c">C136</subfield>
    <subfield code="d">2023-02-07</subfield>
    <subfield code="o">333 IRR 2007 C136 Or.</subfield>
    <subfield code="p">a071010</subfield>
    <subfield code="r">2023-02-07</subfield>
    <subfield code="y">AEDBB</subfield>
  </datafield>
</record>
